005900000a220009700045001000029000002450053000293000053000825000022001355200290001577730045004471 aCorrea Ulloa, Juan David10aEl escritor que no debía ser : Osvaldo Soriano aVol.0, núm.17 (Febrero, 2007), PáginaS 22-23 aEditor de Arcadia a¿Por qué lo despreció la crítica? ¿Por qué a diez años de su muerte aún se debate si era un escritor comercial y no un escritor serio? Especiales en diarios vuelven a revivir la polémica. Osvaldo 'el Gordo' Soriano se fue sin saberlo, pero sus libros hablan por él.0 tArcadia / Andrés Felipe Solano, Editor